000 00637nam a2200277Ia 4500
005 20260324125754.0
008 008 260324s9999 xx 000 0 eng d
020 _a9781843926603
037 _aEBOOK
040 _aCRL
040 _beng
040 _cCRL
041 _2eng
041 _aeng
084 _qCRL
100 _aFrancis Pakes; Jane Winstone
_91179260
245 0 _aPsychology and Crime
260 _bTaylor and Francis
260 _c2008
365 _a
365 _b170
856 _uhttp://www.taylorfrancis.com/books/9781843926603
942 _cEBOOK
999 _c1774815
_d1774815